Online
Catalog

Población mundial : (Record no. 19098)

MARC details
000 -CABECERA
campo de control de longitud fija 01141nam a2200277 a 4500
001 - NÚMERO DE CONTROL
campo de control 000019582
005 - FECHA Y HORA DE LA ÚLTIMA TRANSACCIÓN
campo de control 20250501120733.0
008 - DATOS DE LONGITUD FIJA--INFORMACIÓN GENERAL
campo de control de longitud fija 100630s1974 mx a 000 0 spa d
040 ## - FUENTE DE LA CATALOGACIÓN
Centro catalogador/agencia de origen DO-SdBNP
Lengua de catalogación spa
Centro/agencia transcriptor BNPHU
041 17 - CÓDIGO DE LENGUA
Código de lengua del texto/banda sonora o título independiente spa
Código de lengua original eng
Fuente del código Código de idioma MARC
082 ## - NÚMERO DE LA CLASIFICACIÓN DECIMAL DEWEY
Número de clasificación 304.6
Número de documento/Ítem P739m
049 ## - FONDOS LOCALES (OCLC)
Fondos de biblioteca BNGR
111 2# - ENTRADA PRINCIPAL--NOMBRE DE CONGRESO/REUNIÓN
Nombre de congreso/reunión o jurisdicción como elemento de entrada Conferencia sobre Problemas Demográficos Mundiales
Fecha del congreso/reunión (1967 :
Sede del congreso/Lugar de la reunión Universidad de Indiana)
9 (RLIN) 42002
240 10 - TÍTULO UNIFORME
Título uniforme World population : the view ahead.
Lenguaje de la obra Español.
245 10 - MENCIÓN DE TÍTULO
Título Población mundial :
Resto del título perspectivas para el futuro /
Mención de responsabilidad, etc. edición preparada por Ríchard N. Farmer, John D. Long y George J. Stolnitz.
260 ## - PUBLICACIÓN, DISTRIBUCIÓN, ETC.
Lugar de publicación, distribución, etc. México :
Nombre del editor, distribuidor, etc. Diana,
Fecha de publicación, distribución, etc. 1974.
300 ## - DESCRIPCIÓN FÍSICA
Extensión 323, [3] p. :
Otras características físicas il. ;
Dimensiones 23 cm.
504 ## - NOTA DE BIBLIOGRAFÍA, ETC.
Nota de bibliografía, etc. Incluye referencias bibliográficas y notas al pie de las páginas.
534 ## - NOTA SOBRE LA VERSIÓN ORIGINAL
Frase introductoria Título original en inglés:
Mención de título del original World population : the view ahead.
Publicación, distribución, etc. del original 1974
650 #0 - PUNTO DE ACCESO ADICIONAL DE MATERIA--TÉRMINO DE MATERIA
Término de materia o nombre geográfico como elemento de entrada Demografía
9 (RLIN) 45443
650 #4 - PUNTO DE ACCESO ADICIONAL DE MATERIA--TÉRMINO DE MATERIA
Término de materia o nombre geográfico como elemento de entrada Estudios demográficos
9 (RLIN) 41998
650 #4 - PUNTO DE ACCESO ADICIONAL DE MATERIA--TÉRMINO DE MATERIA
Término de materia o nombre geográfico como elemento de entrada Indicadores demográficos
9 (RLIN) 41997
700 1# - PUNTO DE ACCESO ADICIONAL--NOMBRE DE PERSONA
Nombre de persona Farmer, Ríchard N.,
Término indicativo de función/relación ed.
9 (RLIN) 42003
700 1# - PUNTO DE ACCESO ADICIONAL--NOMBRE DE PERSONA
Nombre de persona Long, John D.,
Término indicativo de función/relación ed.
9 (RLIN) 42004
700 1# - PUNTO DE ACCESO ADICIONAL--NOMBRE DE PERSONA
Nombre de persona Stolnitz, George J.,
Término indicativo de función/relación ed.
9 (RLIN) 42005
Holdings
Estado de retiro Estado de pérdida Restricciones de uso No para préstamo Código de colección Localización permanente Ubicación/localización actual Ubicación en estantería Fecha de adquisición Número de inventario Total de préstamos Signatura topográfica completa Código de barras Fecha visto por última vez Precio válido a partir de Tipo de ítem Koha
        Monografías: Libros y Folletos General General En catalogación 30.06.2010 LF1   304.6 P739m 19582-10 25.06.2020 25.06.2020 Préstamo en sala

Powered by Koha